[Event "Interzonal-16"]
[Site "Biel"]
[Date "1993.??.??"]
[Round "1"]
[White "Lautier, Joel"]
[Black "Barua, Dibyendu"]
[Result "1-0"]
[WhiteElo "2620"]
[BlackElo "2510"]
[Annotator "Lautier,J"]
[PlyCount "135"]
[EventDate "1993.07.16"]
[EventType "swiss"]
[EventRounds "13"]
[EventCountry "SUI"]
[SourceTitle "CBM 037"]
[Source "ChessBase"]
[SourceDate "1993.12.01"]
[SourceVersion "1"]
[SourceVersionDate "1993.12.01"]
[SourceQuality "1"]

1. d4 d5 2. c4 c6 3. Nf3 Nf6 4. Nc3 dxc4 5. a4 Bf5 6. Ne5 e6 7. f3 Bb4 8. Bg5
h6 9. Bh4 c5 10. dxc5 Qxd1+ 11. Kxd1 O-O $146 12. e4 Bh7 (12... Rd8+ 13. Kc2
Bh7 14. Bxc4 Bxc5 15. Rhd1 Na6 $14) 13. Bxc4 Bxc5 14. Nd3 $1 (14. Ke2 $6 Bd4 $1
15. Nd3 Rc8 $132) 14... Rd8 (14... Bd4 $6 15. Nb5 Nc6 16. Nxd4 Nxd4 17. Kd2
Rac8 18. Rac1 Rfd8 19. Ke3 $16) 15. Ke2 Bf8 16. Rhd1 Nc6 17. Rac1 Rac8 18. Ba2
$14 {>< Bh7} g5 19. Bf2 Nd7 20. Be3 $1 {/\ h4, >< >>} (20. Rd2 Nb6 $1 $132)
20... a6 (20... Nb6 $6 21. Nc5 $1 Bxc5 22. Bxc5 $16) 21. Rd2 (21. h4 gxh4 22.
Rh1 Nde5 23. Nxe5 Nxe5 $10 {/\ Nd3}) 21... Bg7 (21... Nde5 $1 22. Nxe5 (22. Nc5
$4 Rxd2+ 23. Kxd2 Rd8+ 24. Ke2 Bxc5 25. Bxc5 Nd3 $19) 22... Rxd2+ 23. Bxd2 Nxe5
$14) 22. Rcd1 Kf8 23. h4 $1 Bf6 (23... gxh4 24. Rh1 Bf6 25. Bxh6+ Ke7 26. Be3
Rg8 27. g4 $1 $16 {>< h4}) 24. hxg5 hxg5 25. g4 $1 {>< g5} Ke8 26. Nf2 {/\ Nh3}
Nf8 $8 27. Nh3 Bxc3 28. bxc3 f6 29. Nf2 Rxd2+ 30. Rxd2 Ne5 31. Nd3 $1 (31. Bd4
Nfg6 $1 32. Bxe5 Nxe5 33. Bxe6 Rxc3 $10) 31... Nxd3 32. Rxd3 Rc6 (32... Bg8 33.
e5 $1 $16) 33. a5 {/\ Bb3-a4} Nd7 34. Rd2 (34. Bb3 Ne5 35. Rd2 Ke7 $14 {/\} (
35... Rxc3 $2 36. Bxe6 Nc4 37. Bxc4 Rxc4 38. Rb2 Rc7 39. Rb6 $16) 36. Ba4 Rxc3
37. Rb2 $4 Rxe3+ $19) 34... Bg8 $6 (34... Rxc3 $6 35. Bxe6 $16) (34... Ke7 $142
) 35. Bd4 $2 (35. Bb3 $1 Nc5 $8 (35... Rxc3 $2 36. Ba4 Rc7 37. Bb6 $18) 36.
Bxc5 Rxc5 37. Ba4+ Kf8 38. Rd8+ Kg7 39. Rd7+ Kf8 40. Rxb7 $16) 35... Bf7 36.
Rb2 Rc7 $2 $138 (36... e5 $1 37. Bxf7+ Kxf7 38. Rxb7 Ke6 39. Bb6 Rxc3 40. Ra7
Rc6 41. Rxa6 Rd6 $10) 37. Kd3 $1 {/\ Rh2} e5 38. Bb6 $1 Nxb6 (38... Rc6 39. Bd5
$16) 39. Bxf7+ Kxf7 40. Rxb6 $16 Ke7 (40... Rc5 41. Rxb7+ Kg6 42. c4 Rxa5 43.
Kc3 $18) 41. c4 Kf7 42. Kc3 Ke7 43. Kb4 (43. Kb3 $142 $1) 43... Rd7 44. Kc3 (
44. c5 $2 Rd4+ 45. Kc3 Rd7 $1 {zugzwang} 46. c6 Rc7 47. Rxb7 (47. Kb4 Rxc6 48.
Rxb7+ $10 (48. Rxc6 $4 bxc6 49. Kc5 Kd7 50. Kb6 Kd6 51. Kxa6 Kc7 $19)) 47...
Kd6 48. Kb4 (48. Rxc7 Kxc7 49. Kb4 Kxc6 50. Kc4 Kd6 $10) 48... Rxc6 $10) 44...
Rc7 (44... Kf7 45. Kb3 $1 $8 Rd3+ (45... Ke7 46. Kb4 Rc7 (46... Kf7 47. c5 Rd4+
48. Kc3 Rd7 49. c6 $18) 47. c5 $18) (45... Rc7 46. Kb4 {see the game}) 46. Kb4
Rxf3 47. Rxb7+ Ke6 (47... Kg6 48. c5 Rf4 49. c6 Rxe4+ 50. Kc5 Re1 51. Rb4 $18)
48. Rb6+ Ke7 49. Rxa6 Rf4 50. Ra8 $1 Rxg4 51. a6 Rg1 52. a7 Ra1 53. Rh8 $18)
45. Kb3 $1 Kf7 (45... Rd7 46. Kc2 $1 Rc7 47. Kc3 {zugzwang} Kf7 (47... Rd7 48.
c5 Rc7 (48... Kf7 49. c6 $18) 49. Kc4 $18 {/\ c6}) 48. Kb4 {see the game}) 46.
Kb4 Ke7 (46... Rd7 47. c5 Rd4+ 48. Kc3 Rd7 49. c6 $18) 47. c5 Rd7 48. c6 bxc6
49. Rxa6 $5 (49. Rxc6 Rd1 $1 (49... Rd3 50. Rxa6 Rxf3 51. Rc6 Rf4 52. a6 Rxe4+
53. Kb5 Re1 54. a7 $18) 50. Rxa6 Rb1+ 51. Kc4 (51. Kc5 Rc1+ 52. Kb6 Rb1+ (52...
Rc3 $2 53. Ra8 Rxf3 54. a6 {/\ a7, Rh8 +-}) 53. Kc7 Ra1) 51... Rc1+ 52. Kb3 Ra1
$16 (52... Rf1 $2 53. Rc6 Rxf3+ 54. Rc3 $18)) 49... Kd6 $8 50. Kc4 Rh7 (50...
Rb7 51. Rb6 $18) 51. Ra8 $1 Rh1 52. Rd8+ $1 Ke7 $2 (52... Kc7 53. Rf8 Rc1+ 54.
Kb4 Rb1+ 55. Kc3 Rc1+ $1 56. Kd2 (56. Kb2 Rc5) 56... Ra1 57. Rf7+ Kd6 58. Rxf6+
Ke7 59. Rf5 Rxa5 60. Rxg5 $16) 53. Rd3 $18 Rc1+ 54. Kb3 Ra1 55. Kb4 c5+ 56. Kb5
Ke6 (56... c4 57. Rc3 $18) 57. a6 Ra2 58. Kb6 Ra1 59. Rd8 Ke7 60. Rh8 Kd6 61.
Rd8+ Ke7 62. Rh8 Kd6 63. a7 Rb1+ 64. Ka6 Ra1+ 65. Kb7 Rb1+ 66. Kc8 Ra1 67. Rh7
$1 c4 (67... Kc6 68. Rc7+ Kd6 69. Kb8 $18) 68. Kb8 (68. Kb8 c3 69. a8=Q Rxa8+
70. Kxa8 c2 71. Rh1) 1-0

[Event "Olympiad-37"]
[Site "Turin"]
[Date "2006.06.04"]
[Round "13"]
[White "Mikhalevski, Victor"]
[Black "Bareev, Evgeny"]
[Result "1-0"]
[WhiteElo "2566"]
[BlackElo "2701"]
[Annotator "Marin,M"]
[PlyCount "59"]
[EventDate "2006.05.21"]
[EventType "team-swiss"]
[EventRounds "13"]
[EventCountry "ITA"]
[SourceTitle "CBM 113"]
[Source "ChessBase"]
[SourceDate "2006.07.31"]
[SourceVersion "1"]
[SourceVersionDate "2006.07.31"]
[SourceQuality "1"]
[WhiteTeam "Israel"]
[BlackTeam "Russia"]
[WhiteTeamCountry "ISR"]
[BlackTeamCountry "RUS"]

1. d4 d5 2. c4 c6 3. Nf3 Nf6 4. Nc3 dxc4 5. a4 Bf5 6. Ne5 Nbd7 7. Nxc4 Qc7 8.
Qd2 $5 {A rather unnatural move. White prevents the opening of the centre with
...e5, and plans to either exchange queens with Qf4, hoping to consolidate his
spatial advantage, or return to the f3 and e4-plan in morefavourable
circumstances.} g6 $146 (8... e5 $2 9. dxe5 Nxe5 10. Qf4 $18 {[%csl Ye5,Yf5]})
9. f3 e5 10. e4 exd4 11. Ne2 Be6 12. Nxd4 Bxc4 13. Bxc4 Ne5 14. Be2 O-O-O 15.
Qc3 Bg7 16. Be3 {White has managed to build up an impressive central
domination, but is sligthly behind in the development. Quite logically, Black
tries to radically change the course of the game.} Neg4 $5 17. fxg4 Nxe4 18.
Qc4 Rhe8 19. O-O-O Qe5 20. Rd3 Qc5 $2 (20... Nc5 21. Rc3 Rxd4 $44) 21. Nc2 Qe5
22. Rxd8+ Rxd8 23. Qb3 Nd2 24. Bxd2 Qxe2 25. Bg5 Rd3 26. Qb4 Qxg2 27. Re1 b6
28. Re8+ Kb7 29. Qe7+ Ka6 30. Nb4+ 1-0

[Event "Olympiad-37"]
[Site "Turin"]
[Date "2006.05.28"]
[Round "7"]
[White "Gyimesi, Zoltan"]
[Black "Cheparinov, Ivan"]
[Result "1-0"]
[WhiteElo "2614"]
[BlackElo "2635"]
[Annotator "Marin,M"]
[PlyCount "83"]
[EventDate "2006.05.21"]
[EventType "team-swiss"]
[EventRounds "13"]
[EventCountry "ITA"]
[SourceTitle "CBM 113"]
[Source "ChessBase"]
[SourceDate "2006.07.31"]
[SourceVersion "1"]
[SourceVersionDate "2006.07.31"]
[SourceQuality "1"]
[WhiteTeam "Hungary"]
[BlackTeam "Bulgaria"]
[WhiteTeamCountry "HUN"]
[BlackTeamCountry "BUL"]

1. d4 d5 2. c4 c6 3. Nf3 Nf6 4. Nc3 dxc4 5. a4 Bf5 6. Ne5 e6 7. f3 Bb4 8. e4
Bxe4 9. fxe4 Nxe4 10. Bd2 Qxd4 11. Nxe4 Qxe4+ 12. Qe2 Bxd2+ 13. Kxd2 Qd5+ 14.
Kc2 Na6 15. Nxc4 O-O 16. Qf3 Nb4+ 17. Kb3 Qc5 18. Qe3 Qe7 19. Be2 Nd5 20. Qd2
$146 {White takes the b4-square under control, maintaining the king on a
square where it does not interfere with the rooks actions.} (20. Qe5 Qb4+ 21.
Ka2 Rfd8 22. Kb1 b5 $132 {1/2-1/2 Grischuk,A (2717)-Sebag,M (2415)/Montpellier
FRA 2006/TWIC 596 (36)}) 20... Rfd8 21. Rhd1 Rab8 22. Ne3 Nf4 23. Qc2 Qc7 24.
g3 Qb6+ 25. Ka2 Qxe3 26. gxf4 Qxf4 27. Bc4 Qh4 28. Bb3 g6 29. Qc5 a6 30. Rf1
Rd4 31. Rf3 Rf4 32. Qd6 Rxf3 33. Qxb8+ Kg7 34. Qxb7 Rf2 35. Qxa6 Qxh2 36. Rb1
g5 37. Qb6 h5 38. Qd4+ Kg6 39. a5 Rf5 40. Qa4 Kh6 41. a6 Qf4 42. Qa3 1-0

[Event "Metz op 30th"]
[Site "Metz"]
[Date "2012.04.23"]
[Round "2"]
[White "Aguettaz, Maxime"]
[Black "Savchenko, Stanislav"]
[Result "1/2-1/2"]
[WhiteElo "2437"]
[BlackElo "2541"]
[Annotator "Metz Alekhine/Primel,D"]
[PlyCount "52"]
[EventDate "2012.04.14"]
[EventType "swiss"]
[EventRounds "9"]
[EventCountry "FRA"]
[SourceTitle "EXT 2013"]
[Source "ChessBase"]
[SourceDate "2012.11.22"]
[SourceVersion "1"]
[SourceVersionDate "2012.11.22"]
[SourceQuality "1"]

1. Nf3 d5 2. d4 Nf6 3. c4 c6 4. Nc3 dxc4 5. a4 Bf5 6. Ne5 Nbd7 7. Nxc4 Nb6 (
7... Qc7) 8. Ne5 a5 9. Bg5 (9. f3 Nfd7 10. Nxd7 Nxd7 11. e4 Bg6 12. Be3 Qb6 13.
Qd2 e5 14. dxe5 Bc5 15. Rd1 O-O 16. Bd4 Rad8 17. Qf2 Bxd4 18. Rxd4 Nxe5 19.
Rxd8 Qxf2+ 20. Kxf2 Rxd8 21. Be2 f6 22. f4 Nd3+ 23. Ke3 Nc5 24. Rd1 Rxd1 25.
Bxd1 Kf8 26. Kd4 Ne6+ 27. Ke3 Nc5 28. Kd4 Ne6+ 29. Ke3 Nc5 {1/2-1/2 (29)
Iturrizaga Bonelli,E (2646)-Sjugirov,S (2646) Moscow 2013}) 9... h6 10. Bh4
Nbd5 (10... e6) 11. Qb3 Qb6 12. Qxb6 Nxb6 13. f3 Bc2 14. e4 e6 15. Bxf6 $146 (
15. Be2 Bb4 16. Bd1 Bxd1 17. Kxd1 Nfd7 18. Nxd7 Nxd7 19. Kc2 f6 20. Bg3 Kf7 21.
Na2 Be7 22. Nc3 Rac8 23. Rhd1 Rhd8 24. Rac1 h5 25. Kb3 f5 26. Bf2 Nf6 27. Re1
Rd7 28. exf5 exf5 29. Re5 g6 30. Rxa5 Bd8 31. Rc5 Bb6 32. Rc4 Re8 33. Ka2 g5
34. h3 g4 35. hxg4 fxg4 36. b4 gxf3 37. gxf3 Rg8 38. Kb3 Rg5 39. a5 Ba7 40. Rd1
Rf5 41. Rd3 Nd5 42. Bg3 Nxc3 43. Kxc3 Rg5 44. Be5 h4 {Stefansson,H (2564)-Wang
Yue (2698) Reykjavik 2008 1/2-1/2}) 15... gxf6 16. Nc4 Nxc4 17. Bxc4 O-O-O (
17... Bb4 $5) 18. Ne2 Bb4+ 19. Kf2 e5 $36 20. Rhc1 exd4 $1 21. Rxc2 d3 22. Bxd3
Rxd3 23. Nf4 Rb3 24. Rd1 Rd8 25. Rxd8+ Kxd8 26. Ne2 Bd6 1/2-1/2

[Event "Metz op 31th"]
[Site "Metz"]
[Date "2013.07.24"]
[Round "7"]
[White "Greenfeld, Alon"]
[Black "Wirig, Anthony"]
[Result "1-0"]
[WhiteElo "2545"]
[BlackElo "2481"]
[Annotator "Metz Alekhine/Primel,D"]
[PlyCount "61"]
[EventDate "2013.04.20"]
[EventType "swiss"]
[EventRounds "9"]
[EventCountry "FRA"]
[SourceTitle "EXT 2016"]
[Source "ChessBase"]
[SourceDate "2015.10.08"]
[SourceVersion "1"]
[SourceVersionDate "2015.10.08"]
[SourceQuality "1"]
[TimeControl "40/5400:1800+30"]
[WhiteClock "1:30:00"]
[BlackClock "1:30:00"]

1. d4 d5 2. c4 c6 3. Nf3 Nf6 4. Nc3 dxc4 5. a4 Bf5 6. Nh4 (6. Ne5 Nbd7 7. Nxc4
Nb6 (7... Qc7) 8. Ne5 a5 9. Bg5 h6 10. Bh4 Nbd5 11. Qb3 Qb6 12. Qxb6 Nxb6 13.
f3 Rd8 14. e4 Bh7 15. Bf2 {Lalic,B (2510)-O'Donnell,C Kilkenny Masters 2013 (1.
1) 1/2} (15. d5 $1 {Lalic})) 6... Bg4 7. h3 Bh5 8. g4 Bg6 9. Nxg6 hxg6 10. e4 (
10. e3) 10... e6 (10... e5) 11. g5 (11. Bxc4) 11... Nfd7 12. Bxc4 Qa5 $6 $146 (
12... Bb4 $142 13. Be3 (13. Qf3 $5 Nb6 14. Bb3 Na6 15. O-O) 13... Rh4 {[%csl
Re4,Rh3][%cal Gb4e1] ;Cebalo,M (2511)-Boric,M (2411) Pula op 13th 1999 (6) 1-0}
) 13. Bd2 $1 Bb4 14. Qf3 $1 {[%cal Gf3h3,Gf3f7]} Nb6 15. Bb3 Na6 {Les pièces
mineures Noires sont assez mal placées} 16. O-O Rd8 17. Be3 $1 Be7 (17... Bxc3
18. bxc3 Qxc3 19. Rab1 $44 {[%cal Gb1b7]} (19. a5)) 18. Rad1 (18. d5 $5 {
Avec la paire de B et face aux N Noirs mal placés, c'est probablement la
ligne critique} cxd5 19. exd5 Nxd5 20. Nxd5 exd5 21. Rad1 (21. Rfe1) 21... Nc7
22. Bd2 (22. Rfe1 $36) 22... Qb6 23. Rfe1 Ne6 24. Bxd5 O-O 25. h4 $13) 18...
O-O (18... Qb4 $5 {[%csl Rb2,Rd4]}) 19. h4 Qb4 {[%csl Rb2] (=)} 20. Ba2 (20.
Rd3 $5 {[%cal Gd3b3]} Nc5 (20... Qxb3 $2 21. Nd5 Qxb2 $4 22. Nxe7+ Kh8 23. h5 {
[%cal Gh5g6,Gf3h3]}) 21. Na2 Qa5 22. Bd2 Qa6 23. Nb4 Qxd3 $8 24. Nxd3 Nxb3 $13)
20... Qxb2 $5 {Un choix courageux car la Q Noire manque de case de repli.} 21.
h5 $5 (21. Bc1 {Moins risqué} Qb4 22. h5 Rxd4 (22... Nc7 {[%csl Re6][%cal
Gc7e6]} 23. hxg6 fxg6 24. Qh3 Rxd4 25. Ba3 $1 (25. Bxe6+ $6 Nxe6 26. Qxe6+ Rf7
$15)) 23. hxg6 {[%cal Ga2g8]} Nc5 {[%cal Gc5e6]} 24. Be3 Rxd1 $2 (24... fxg6
25. Rxd4 Qxc3 26. Qh3 $40 {[%csl Re6]}) 25. Qh3 fxg6 26. Bxc5 $18 {[%cal Ga2e6]
}) 21... Qxc3 22. hxg6 $44 {[%csl Ga2,Ra6,Rb6,Ge3][%cal Ga2g8] Avec la paire
de B dont un trés fort Bb3 contre une paire de N mal placée, les Blancs ont
des compensations raisonnables mais si les Noirs arrivent à activer les N,
l'attaque Blanche peut s'essoufler} Nd5 {Le français choisit de rendre la
pièce mais Nc7 protégeant la faiblesse "e6" pouvait peut-être permettre de
s'accrocher au matériel.} (22... Nc7 $5 {[%cal Gc7e6]} 23. gxf7+ (23. Qh3 $6
fxg6) (23. Qh5 fxg6 24. Qxg6 Rf7 25. Qh5 {[%cal Gg5g6]} (25. Bxe6 $6 Nxe6 26.
Qxe6 Rd6) 25... g6 $1) 23... Rxf7 24. Qh5 {[%cal Gg5g6]} g6 $3 {La pointe!} 25.
Qxg6+ Rg7 26. Bxe6+ Nxe6 27. Qxe6+ Kf8 {[%cal Gc3c4,Gc4e6]} 28. Rc1 Qd3 29.
Rfd1 Qe2 {[%cal Ge2h5,Gh5g6]} 30. Qf5+ Kg8 31. Qe6+ Kh8 $19 {La Q Blanche
manque de soutien et les Noirs ont le temps de ramener la Qe2 en défense de
l'aile-roi}) 23. Qh3 (23. exd5 $143 exd5 {[%csl Ra2][%cal Ge7g5,Gc3f3]}) (23.
Qh5 $142 fxg6 24. Qxg6 Nac7 {[%cal Gc7e6]} 25. exd5 exd5 26. Bb1 {[%csl Rg8,
Rh7] Les Noirs ont fermé la porte du Bb3 après ed5 mais il revient par la
fenêtre.}) 23... fxg6 24. Qxe6+ Rf7 25. exd5 Nc7 {[%cal Gc7d5,Gc7e6]} 26. Qxg6
Rd6 $1 (26... Nxd5 $2 27. Bb1) 27. Qe4 Nxd5 $6 (27... cxd5 {Gagne un tempo
important sur la Qe4} 28. Rc1 {[%cal Gc1c7]} Qb2 29. Qg4 (29. Qh4 Bxg5 $1)
29... Qxa2 30. Rxc7) 28. Kg2 $1 {[%cal Gf1h1]} Kf8 (28... g6 29. Rh1 (29. Qxg6+
Rg7)) (28... Qa5 {[%cal Ga5d8]} 29. Rh1) 29. Rh1 Ke8 30. Rc1 Qa5 31. Rh7 {
Suite illisible et gain Blanc au 34ème coup} 1-0

[Event "Bundesliga 0809"]
[Site "Germany"]
[Date "2008.10.04"]
[Round "1.6"]
[White "Babula, Vlastimil"]
[Black "Eichner, Sebastian"]
[Result "1-0"]
[WhiteElo "2597"]
[BlackElo "2326"]
[Annotator "Meyer,CD"]
[PlyCount "47"]
[EventDate "2008.10.03"]
[EventType "team-tourn"]
[EventRounds "15"]
[EventCountry "GER"]
[SourceTitle "CBM 126 Extra"]
[Source "ChessBase"]
[SourceDate "2008.11.05"]
[SourceVersion "1"]
[SourceVersionDate "2008.11.05"]
[SourceQuality "1"]
[WhiteTeam "Werder Bremen"]
[BlackTeam "Dresden"]
[WhiteTeamCountry "GER"]
[BlackTeamCountry "GER"]

1. d4 d5 2. c4 c6 3. Nf3 Nf6 4. Nc3 dxc4 5. a4 Bf5 6. Ne5 Nbd7 7. Nxc4 Qc7 (
7... Nb6 8. Ne5 a5 {ist eine solide Alternative.}) 8. g3 e5 9. dxe5 Nxe5 10.
Bf4 Nfd7 11. Bg2 g5 {Diese scharfe Bekämpfung der Zentralvariante im offenen
Slawen а la Morozevich erfreut sich trotz der mißglückten Premiere im Januar
2000 (Kasparov-Morozevich) ungebrochener Beliebtheit, indes verlangt sie von
beiden Parteien große Wachsamkeit, Kreativität und taktische Schlagfertigkeit.}
12. Bxe5 ({Spannendes Kampfschach bot die folgende Partie des Tschechen aus
der letzten Bundesliga-Saison auch nach dem positionellen Ansatz} 12. Ne3 {:}
gxf4 13. Nxf5 O-O-O 14. Qc2 Kb8 15. O-O fxg3 16. hxg3 h5 17. Rfc1 $146 Nf6 18.
a5 h4 $5 19. Nxh4 Rxh4 $6 20. gxh4 Neg4 $6 21. Rd1 $1 Re8 22. Qf5 Bh6 23. Rd3
$1 $16 Qh2+ 24. Kf1 Rg8 25. e4 $1 Nh5 $1 26. Qxh5 Nxf2 27. Rd8+ $8 Rxd8 28.
Kxf2 Rg8 $6 29. Qf3 Rg6 $2 30. Rd1 $2 Qxh4+ 31. Kg1 Bf4 $1 $14 32. Qf2 $2 Qg4
$2 33. Rd8+ Kc7 34. Rd3 $1 $16 {/+-} f6 $2 35. Nb5+ $1 $18 Kc8 36. Nxa7+ Kb8
37. Rd8+ {1-0 Babula,V (2596)-Ragger,M (2528)/Germany 2008/CBM 123/[Babula/
Meyer,CD]}) 12... Nxe5 13. Qd4 f6 14. Ne3 (14. O-O-O {ist die Hauptvariante,
wonach u.a.} Be7 ({oder} 14... Rd8 15. Qe3 Be7) 15. Ne3 Bg6 $5 {nähere Prüfung
verdient.}) 14... Be6 (14... Bg6 $5 {mag eine chinesische Spezialität sein.
Jedenfalls konnte Weiß hiernach keinen Vorteil erzielen:} 15. O-O-O Qb6 16. Ne4
Be7 17. Nd6+ (17. f4 Qxd4 18. Rxd4 gxf4 19. gxf4 Nd7 20. Nd6+ Bxd6 21. Rxd6
O-O-O 22. Rhd1 Rhe8 23. Bh3 Rxe3 24. Bxd7+ Kc7 $15 {1/2-1/2 Alekseev,E (2689)
-Bu Xiangzhi (2685)/Nizhniy Novgorod 2007/CBM 120 (66)}) 17... Bxd6 18. Qxd6
Kf7 19. h4 Rhd8 20. Qa3 gxh4 21. gxh4 {1/2-1/2 Sakaev,K (2649)-Bu Xiangzhi 
(2708)/Dagomys 2008/CBM 124 (37)} (21. Rxh4 {CDM})) 15. O-O-O (15. a5 a6 16.
O-O Rd8 17. Qa4 Nd7 18. Qc2 Bc5 19. Nf5 O-O 20. Be4 Kh8 21. e3 Rfe8 22. Rfd1
Bf8 23. Nd4 Bg8 24. Bg2 Re5 25. Qa4 Nc5 26. Qc2 Nd7 27. Qa4 Nc5 28. Qc2 Nd7 {
1/2-1/2 Vitiugov,N (2594)-Sakaev,K (2634)/Moscow 2007/CBM 122}) 15... Qb6 $5
$146 ({Möglicherweise eine Neuerung, die aber nicht schlechter als das bekannte
} 15... Be7 {erscheint.}) 16. Qe4 $5 ({Zu verflachend ist der Damentausch nach
} 16. Ne4 Qxd4 (16... Be7 17. Qc3 $14) {, z.B.} 17. Rxd4 Be7 18. h4 (18. Nd6+
Bxd6 19. Rxd6 Ke7) 18... g4 $11 {und weiter z.B.} 19. Rhd1 f5 20. Ng5 Bc8 21.
f4 gxf3 22. Nxf3 Nxf3 23. Bxf3 O-O) 16... Bc5 $5 ({Das Patentmittel gegen f4,
doch} 16... Kf7 $5 {mag ebenso spielbar sein:} 17. f4 {und nun} Bc5 (17... gxf4
$6 18. gxf4 f5 19. Qxe5 Bg7 20. a5 Bxe5 21. axb6 Bxf4 22. Rd3) 18. Ned5 (18.
fxe5 Bxe3+ 19. Kb1 f5 20. Rhf1 Kg7 21. Rxf5 Rad8) 18... cxd5 19. Nxd5 Qc6 20.
fxe5 Bd4+ 21. Kb1 Bxe5 $14 {/= und Weiß steht - wenn überhaupt - nur
geringfügig besser.}) 17. Nf5 ({I} 17. h4 Bxe3+ 18. fxe3 g4 19. Rd6 Qb3 {
/\0-0~~/=}) ({II} 17. Nc2 Ke7 18. a5 Qb3 $13 {/=}) 17... O-O $6 ({Ein
Königszug nach f7 oder f8 wäre sicherer gewesen: I} 17... Kf7 18. Nd4 Bxd4 19.
Rxd4 Nd7 (19... Bf5 $2 20. Qxf5 Qxd4 21. Rd1 Qg4 22. Rd7+ Kg8 23. Qxg4 Nxg4 24.
Rxb7 $16) 20. Rb4 (20. Rhd1 $4 Nc5 $19) 20... Qc7 21. Qe3 $13) ({II} 17... Kf8
18. a5 $5 (18. f4 $4 {wäre wegen} Nc4 {allzu voreilig:} 19. Rd2 Re8 $19) 18...
Qb3 (18... Qxa5 19. f4 Ba3 $1 20. Na4 (20. Kc2 $2 Bxb2 $1 21. Qd4 (21. Kxb2 $4
Nc4+) 21... Qxc3+ 22. Qxc3 Bxc3 23. Kxc3 gxf4 24. gxf4 Ng6 $17) 20... Bb4 21.
fxe5 Qxa4 $13) 19. Nd4 Bxd4 20. Qxd4 Kg7 21. Ne4 $13) ({III} 17... Bxf2 $2 {
Dieser Bauer ist jetzt vergiftet:} 18. Ng7+ Kf7 19. Nxe6 Kxe6 20. Bh3+ Kf7 21.
Qf5 $40 (21. Rhf1 $2 Kg7)) 18. f4 Bxf5 19. Qxf5 Ng6 $2 ({Erforderlich war} 
19... gxf4 20. gxf4 Ng6 21. Rd7 $1 $14 {, während Schwarz nach dem Partiezug
arg in Bedrängnis gerät.}) 20. Rd7 Rae8 ({I} 20... gxf4 $2 21. Qe6+ Kh8 22. Be4
$1 $18 f5 (22... Rae8 23. Qh3 Re7 24. Rxe7 Bxe7 25. Bxg6) 23. Bxf5 Be3+ (23...
Rae8 24. Rxh7+) 24. Kc2 c5 25. Rd6) ({II} 20... Rad8 21. Rhd1 Rxd7 22. Rxd7 Rf7
23. Rxf7 Kxf7 24. fxg5 Be7 25. gxf6 Bxf6 26. Kc2 $16) 21. h4 $5 (21. Be4 $1 $16
{/\ Rxh7 hätte den Vorteil klar festgehalten. Schwarz müßte ein Turmpaar
tauschen und seine Königsstellung weiter lockern, z.B.} Rf7 (21... Re7 $2 22.
Rxe7 Bxe7 23. Qe6+ Rf7 24. Bc2 {/\Bb3}) 22. Rxf7 Kxf7 23. fxg5 Be3+ 24. Kb1 Bd4
(24... Bxg5 25. Rf1 Re5 26. Qg4 {/\h4-h5}) 25. Kc2) 21... gxf4 {Am Höhepunkt
der Partie zeigen sich beide Spieler den großen Verwicklungen offenbar nicht
gewachsen, doch ist es dem Verteidiger vorbehalten, den entscheidenden Bock zu
schießen!} 22. Rxh7 $2 ({Wie schon bei der Analyse vor Ort vermutet, ist
dieses kecke Opferangebot streng genommen ein Flop. Indes ist die Chose
weitaus komplizierter als ursprünglich angenommen. Alternativen: I} 22. h5 $2
Ne7 (22... Re5 $2 23. Qd3 Ne7 24. gxf4) 23. Qe6+ Kh8 (23... Rf7 $2 24. Be4 $1)
24. gxf4 Ba3 $5 (24... Qb4 25. Qe4 (25. Be4 Bd4 26. Bc2 f5) 25... Qxe4 26. Bxe4
f5 27. Bc2 $14) (24... Nc8 25. Qg4 Re7 26. Be4 Bd4 27. Rh3 Qb4 $13) 25. Qa2 (
25. bxa3 $2 Nd5 $1) 25... Bb4 $13) ({II} 22. Nd5 $5 {mußte im Vorteilssinne
gefunden werden:} Re5 (22... cxd5 $2 23. Bxd5+ Kh8 24. Rxh7+ $1 Kxh7 25. h5 $18
) (22... Qb3 $2 23. Rxh7 $1 Kxh7 24. h5 Kg8 25. hxg6 $18 Qc4+ 26. Kb1 Rxe2 27.
Rh8+ Kg7 28. Qd7+ Be7 (28... Re7 29. Rh7+ Kxg6 30. Nxe7+ Kxh7 (30... Bxe7 31.
Rxe7) 31. Qf5+ {nebst Mattsetzung})) 23. Qxe5 Nxe5 24. Nxb6 axb6 25. Rxb7 fxg3
26. Rd1 $5 $16 {mit weißem Endspielvorteil} (26. b4 $5)) 22... Ne7 $4 ({
"Einem geschenkten Gaul schaut man nicht ins Maul" heißt es zwar, aber hier
wollen wir doch kritisch hinter die Kulissen schauen und die Annahme des
Opfers untersuchen:} 22... Kxh7 23. h5 (23. Be4 Rxe4 24. h5 Kg7 25. Qxg6+ Kh8
26. Nxe4 Bd4 $11) 23... Kg7 {und nun?} 24. Be4 $1 {Am Brett gefunden, wäre
dies vermutlich ein "Killerzug", aber auch dagegen gibt es noch eine Parade:} (
24. Qxg6+ Kh8 25. Qh6+ $11 (25. Be4 Rxe4 26. Nxe4 Bd4 27. Qh6+ $11)) (24. Nd5
Be3+ 25. Kb1 cxd5 26. hxg6 (26. Qxg6+ Kh8 27. Qh6+ Kg8 28. Bxd5+ Re6 29. Qg6+
Kh8 30. Qh6+ $11) 26... Rh8 27. Qd7+ Kxg6 28. Qg4+ Kf7 29. Qd7+ Kg6 30. Qg4+
$11) 24... Qc7 $1 {[]} (24... Rxe4 $2 25. hxg6 $1 $18) (24... Be3+ $2 25. Kb1 (
25. Kc2 $2) 25... Qc7 (25... Re7 26. hxg6 $18 Qc5 27. Qh3) 26. Nd5 $3 Qf7 (
26... cxd5 27. Qxg6+ Kh8 28. Qh6+ Kg8 29. Bxd5+ Rf7 30. Qg6+ Kf8 31. h6 $18 Qd7
32. Bb3) 27. hxg6 Qe6 28. Rh7+ Kg8 29. Qxe6+ Rxe6 30. Bf5 (30. Nxe3 fxe3 (30...
Rxe4 31. Ng4 $18) 31. Bc2 Re5 32. Bb3+ Rd5 33. Rxb7 $18) 30... Rfe8 31. Bxe6+
Rxe6 32. Ne7+ Rxe7 33. Rxe7 $18) 25. Rd1 (25. Nd5 $4 cxd5 26. Qxg6+ Kh8 27.
Qh6+ Kg8 28. Bxd5+ Rf7 29. Kb1 Rxe2) (25. Qxg6+ Kh8 26. Qh6+ Kg8 27. Bd3 Qf7 (
27... Rf7 $2 28. gxf4) 28. gxf4 $5 $13 {/=} (28. Bc4 $11 Qxc4 29. Qg6+)) 25...
fxg3 (25... Qf7 $2 26. hxg6 Qc4 27. Rh1 $1 Rh8 28. Rxh8 Rxh8 29. Qd7+ Kh6 30.
g7 Rg8 31. g4 $1 $16) 26. Rd7+ Qxd7 27. Qxd7+ Ne7 (27... Re7 $2 28. Qf5 $18)
28. Qg4+ Kh8 29. Qxg3 Ng8 $13 {/=. Demnach hatte 22.Rxh7? eigentlich den
Vorteil vergeben (Dauerschach oder etwa gleiches Spiel), wenngleich die
Feinheiten erst in der häuslichen Analyse herausgekitzelt werden konnten.}) 23.
Qh5 $18 Be3+ 24. Kb1 1-0